[Event "PRO League Group Stage"]
[Site "chess.com INT"]
[Date "2019.03.12"]
[Round "10"]
[White "Ghasi, Ameet K"]
[Black "Hansen, Eric"]
[Result "0-1"]
[WhiteTitle "IM"]
[BlackTitle "GM"]
[WhiteElo "2505"]
[BlackElo "2615"]
[WhiteTeam "London Lions"]
[BlackTeam "Montreal Chessbrahs"]
[WhiteFideId "409200"]
[BlackFideId "2606771"]
[EventDate "2019.01.08"]

1. Nf3 Nf6 2. g3 d5 3. Bg2 g6 4. O-O Bg7 5. d4 O-O 6. c4 dxc4 7. Na3 c3 8. bxc3
c5 9. Ne5 Nd5 10. Bd2 Nb6 11. dxc5 Bxe5 12. cxb6 axb6 13. Nc4 Bg7 14. Be3 Nd7
15. Qd5 Qc7 16. Qb5 Ra6 17. Rfd1 Bf6 18. a4 Kg7 19. Rab1 h5 20. h4 Rh8 21. Bxb6
Nxb6 22. Nxb6 Be6 23. Bd5 Bf5 24. e4 Bg4 25. Rdc1 e6 26. Ba2 Rd8 27. Nc4 Rc6 28.
e5 Bxh4 29. Nd6 Bg5 30. Rf1 Be7 31. Qxb7 Bxd6 32. exd6 Qxd6 33. Qb4 Qe5 34. Rfe1
Qf6 35. c4 h4 36. Qb2 Rd4 37. a5 e5 38. Bb3 Bf3 39. Qc3 e4 40. Qe3 hxg3 41. fxg3
Rd3 42. Qf2 Qg5 43. Ba4 Rd2 44. Rb5 Qh6 0-1

[Event "PRO League Group Stage"]
[Site "chess.com INT"]
[Date "2019.03.12"]
[Round "10"]
[White "Kleinman, Michael"]
[Black "Haria, Ravi"]
[Result "1/2-1/2"]
[WhiteTitle "IM"]
[BlackTitle "IM"]
[WhiteElo "2411"]
[BlackElo "2450"]
[WhiteTeam "Montreal Chessbrahs"]
[BlackTeam "London Lions"]
[WhiteFideId "2609479"]
[BlackFideId "415820"]
[EventDate "2019.01.08"]

1. e4 e6 2. d4 d5 3. Nd2 Nf6 4. e5 Nfd7 5. Bd3 c5 6. c3 Nc6 7. Ne2 cxd4 8. cxd4
f6 9. exf6 Nxf6 10. O-O Bd6 11. Nf3 Qc7 12. h3 O-O 13. Be3 Bd7 14. Nc3 a6 15.
Re1 Rae8 16. Rc1 Qb8 17. a3 Re7 18. Bb1 Be8 19. Bg5 Bh5 20. g4 Be8 21. Kg2 Bf4
22. Bxf4 Qxf4 23. Ne2 Qd6 24. Ng3 g6 25. Ne5 Nd7 26. Nxc6 bxc6 27. Qe2 c5 28.
dxc5 Nxc5 29. Qe5 Qxe5 30. Rxe5 Nd7 31. Re2 Nb6 32. Bd3 a5 33. Rc5 a4 34. Bb5
Bxb5 35. Rxb5 Rb8 36. f4 Kf7 37. Nf1 Reb7 38. Nd2 Nd7 39. Rxb7 Rxb7 40. Nf3 Nc5
41. Ng5+ Kg7 42. Rc2 h6 43. Rxc5 hxg5 44. fxg5 Rxb2+ 45. Kf3 Rb3+ 46. Kf4 Rxh3
47. Rc7+ Kf8 48. Ke5 Re3+ 49. Kf6 Rf3+ 50. Kxe6 Rxa3 51. Rc8+ Kg7 52. Rc7+ Kf8
53. Rc8+ Kg7 54. Rc7+ Kf8 55. Rc8+ 1/2-1/2

[Event "PRO League Group Stage"]
[Site "chess.com INT"]
[Date "2019.03.12"]
[Round "10"]
[White "Horton, Andrew P"]
[Black "Rodrigue-Lemieux, Shawn"]
[Result "1/2-1/2"]
[WhiteTitle "IM"]
[BlackTitle "FM"]
[WhiteElo "2388"]
[BlackElo "2293"]
[WhiteTeam "London Lions"]
[BlackTeam "Montreal Chessbrahs"]
[WhiteFideId "424269"]
[BlackFideId "2620049"]
[EventDate "2019.01.08"]

1. Nf3 Nf6 2. c4 e6 3. b3 Be7 4. Bb2 b6 5. g3 Bb7 6. Bg2 O-O 7. O-O d5 8. e3 c5
9. Nc3 Na6 10. Qe2 Nc7 11. d3 a6 12. a4 Rb8 13. Ne1 Ba8 14. f4 b5 15. axb5 axb5
16. Ra7 bxc4 17. bxc4 d4 18. exd4 cxd4 19. Nd1 Bxg2 20. Nxg2 Bc5 21. Ra2 Ra8 22.
Rxa8 Nxa8 23. Nf2 Nb6 24. Qc2 Qa8 25. Ra1 Qc6 26. Ne1 Ra8 27. Rxa8+ Qxa8 28. Qb3
Na4 29. Ba3 h5 30. Bxc5 Nxc5 31. Qd1 Qa2 32. Nf3 Nb3 33. h3 g6 34. Qe1 Nc5 35.
Nxd4 Nxd3 36. Nxd3 Qxc4 37. Qe5 Qxd3 38. Qxf6 Qxg3+ 39. Kf1 Qxh3+ 40. Kf2 Qh2+
41. Ke3 Qg1+ 42. Kd3 Qd1+ 43. Kc4 Qa4+ 44. Kc5 Qa7+ 45. Kb5 Qb7+ 46. Kc4 Qa6+
47. Kc3 Qa1+ 48. Kb4 Qb2+ 49. Kc5 Qc3+ 50. Kd6 Qb4+ 51. Kc7 Qa5+ 52. Kd7 Qa7+
53. Kd6 Qa3+ 54. Kc6 Qa6+ 55. Kc5 Qa3+ 56. Kc4 Qa4+ 57. Kd3 Qd1+ 58. Ke3 Qe1+
59. Ne2 Qa5 60. Kf2 Qd2 61. Qe5 Qb4 62. Qe3 Qb7 63. Ng1 Qb2+ 64. Kg3 Qf6 65. Nf3
Qf5 66. Ne5 Kg7 67. Qd4 Qf6 68. Qd7 g5 69. Qd4 Qxf4+ 70. Qxf4 gxf4+ 71. Kxf4 Kf6
72. Nd7+ Ke7 73. Ne5 f6 74. Ng6+ Kd6 75. Ke4 Kc5 76. Nf4 Kd6 77. Nxh5 f5+ 78.
Kf4 Kd5 79. Nf6+ Kd4 80. Nd7 e5+ 81. Nxe5 Kd5 82. Kxf5 1/2-1/2

[Event "PRO League Group Stage"]
[Site "chess.com INT"]
[Date "2019.03.12"]
[Round "10"]
[White "Moranda, Wojciech"]
[Black "Postny, Evgeny"]
[Result "0-1"]
[WhiteTitle "GM"]
[BlackTitle "GM"]
[WhiteElo "2593"]
[BlackElo "2623"]
[WhiteTeam "New York Marshalls"]
[BlackTeam "Pittsburgh Pawngrabbers"]
[WhiteFideId "1122401"]
[BlackFideId "2804344"]
[EventDate "2019.01.08"]

1. e4 e5 2. Nf3 Nc6 3. Nc3 Nf6 4. d4 exd4 5. Nxd4 Bb4 6. Nxc6 bxc6 7. Bd3 d5 8.
exd5 cxd5 9. O-O O-O 10. Bg5 c6 11. Qf3 Be7 12. h3 Be6 13. Ne2 Nd7 14. Bxe7 Qxe7
15. Nd4 c5 16. Nxe6 fxe6 17. Qe3 c4 18. Be2 Qf6 19. b3 c3 20. Rae1 d4 21. Qg3
Ne5 22. Bb5 Nf7 23. Re2 e5 24. Bc4 Rae8 25. Rfe1 Kh8 26. Bxf7 Qxf7 27. Rxe5 h6
28. Rxe8 Rxe8 29. Rxe8+ Qxe8 30. Kf1 Qe4 31. Qb8+ Kh7 32. Qxa7 d3 33. cxd3 Qxd3+
34. Kg1 c2 35. Qc5 Qd1+ 36. Kh2 c1=Q 37. Qf5+ Kg8 38. Qe6+ Kf8 39. Qf5+ Ke8 40.
Qg6+ Kd8 41. Qb6+ Qc7+ 0-1

[Event "PRO League Group Stage"]
[Site "chess.com INT"]
[Date "2019.03.12"]
[Round "10"]
[White "Erenburg, Sergey"]
[Black "Azarov, Sergei"]
[Result "1-0"]
[WhiteTitle "GM"]
[BlackTitle "GM"]
[WhiteElo "2589"]
[BlackElo "2575"]
[WhiteTeam "Pittsburgh Pawngrabbers"]
[BlackTeam "New York Marshalls"]
[WhiteFideId "2805642"]
[BlackFideId "13501470"]
[EventDate "2019.01.08"]

1. e4 e5 2. Nf3 Nc6 3. Bb5 a6 4. Ba4 Nf6 5. O-O Be7 6. d3 b5 7. Bb3 O-O 8. a4 b4
9. Re1 d6 10. a5 Bg4 11. c3 d5 12. h3 Bh5 13. exd5 Nxd5 14. Ba4 Nxa5 15. Rxe5
Bxf3 16. Qxf3 c6 17. Bxc6 Nxc6 18. Rxd5 Qc8 19. Bf4 bxc3 20. bxc3 Qb7 21. Nd2
Qb2 22. Qd1 Qxc3 23. Ne4 Qb4 24. Rb1 Qa3 25. Bc1 Qa2 26. Nc3 Qxb1 27. Nxb1 a5
28. Qa4 Rfc8 29. Bf4 h6 30. Nd2 Ra7 31. Nc4 Rb7 32. Nxa5 Nxa5 33. Rxa5 1-0

[Event "PRO League Group Stage"]
[Site "chess.com INT"]
[Date "2019.03.12"]
[Round "10"]
[White "Khamrakulov, Djurabek"]
[Black "Le, Tuan Minh"]
[Result "1-0"]
[WhiteTitle "GM"]
[BlackTitle "IM"]
[WhiteElo "2503"]
[BlackElo "2515"]
[WhiteTeam "New York Marshalls"]
[BlackTeam "Pittsburgh Pawngrabbers"]
[WhiteFideId "14201143"]
[BlackFideId "12401153"]
[EventDate "2019.01.08"]

1. e4 c5 2. c3 Nf6 3. e5 Nd5 4. Nf3 e6 5. d4 cxd4 6. cxd4 d6 7. Bc4 Nb6 8. Bd3
Nc6 9. a3 dxe5 10. dxe5 Nd7 11. Bb5 Be7 12. O-O O-O 13. Bf4 Nb6 14. Qe2 Nd5 15.
Bd2 Bd7 16. Nc3 Nxc3 17. Bxc3 Qb6 18. Bd3 Rfd8 19. Qe4 g6 20. Rad1 Be8 21. h4
Rd5 22. Rc1 Rad8 23. Bc4 R5d7 24. Ba2 Qa6 25. h5 Qd3 26. Qa4 Rd4 27. Qc2 Qxc2
28. Rxc2 Rg4 29. hxg6 Rxg6 30. Re2 Nb8 31. Nd4 Bc5 32. Rd2 Bb6 33. Rfd1 Nc6 34.
Nxc6 Bxc6 35. Rxd8+ Kg7 36. Kf1 Rxg2 37. R8d4 Bf3 38. R1d3 Bxd4 39. Rxf3 Rg4 40.
Rg3 Rxg3 41. fxg3 Be3 42. Ke2 Bb6 43. Bb1 Bg1 44. a4 b6 45. Be4 h5 46. b4 Kh6
47. Bd2+ Kg7 48. Be3 Bh2 49. Kf3 h4 50. Bf4 hxg3 51. Bxg3 Bg1 52. Bh4 Bd4 53.
Bf6+ Kf8 54. Bc6 Bc3 55. b5 Bb2 56. Ke4 Bc3 57. Bd8 Bb2 58. Bc7 f5+ 59. exf6
Bxf6 60. Bb8 Bc3 61. Bxa7 Ba5 62. Bb8 Bb4 63. Bc7 Ba5 64. Kd3 Ke7 65. Be5 Kd8
66. Bc3 1-0

[Event "PRO League Group Stage"]
[Site "chess.com INT"]
[Date "2019.03.12"]
[Round "10"]
[White "Robson, Ray"]
[Black "Eljanov, Pavel"]
[Result "1/2-1/2"]
[WhiteTitle "GM"]
[BlackTitle "GM"]
[WhiteElo "2667"]
[BlackElo "2680"]
[WhiteTeam "Webster Windmills"]
[BlackTeam "Miami Champions"]
[WhiteFideId "2023970"]
[BlackFideId "14102951"]
[EventDate "2019.01.08"]

1. e4 c6 2. d4 d5 3. e5 Bf5 4. Nf3 e6 5. Be2 Ne7 6. c3 h6 7. a4 Nd7 8. Na3 a6 9.
Nc2 c5 10. dxc5 Nxc5 11. Ncd4 Bh7 12. O-O Ng6 13. c4 Be7 14. Be3 O-O 15. Rc1 Rc8
16. b4 Ne4 17. Qb3 Bg5 18. Nxg5 hxg5 19. cxd5 Qxd5 20. Qxd5 exd5 21. e6 Nf4 22.
exf7+ Kxf7 23. Bg4 Rc4 24. g3 Nf6 25. Bf3 g4 26. Bxf4 Rxd4 27. Rc7+ Kg8 28. Bg2
b5 29. axb5 axb5 30. Be5 Rxb4 31. Bxf6 gxf6 32. Bxd5+ Kh8 33. Re1 Rb1 34. Rxb1
Bxb1 35. Rb7 Bd3 36. Kg2 Rd8 37. Bc6 Rd6 38. Rb8+ Kg7 39. Ba8 f5 40. h3 Kf6 41.
hxg4 fxg4 42. f3 gxf3+ 43. Bxf3 Bc4 44. g4 Ke5 1/2-1/2

[Event "PRO League Group Stage"]
[Site "chess.com INT"]
[Date "2019.03.12"]
[Round "10"]
[White "Iturrizaga Bonelli, Eduardo"]
[Black "Durarbayli, Vasif"]
[Result "1-0"]
[WhiteTitle "GM"]
[BlackTitle "GM"]
[WhiteElo "2637"]
[BlackElo "2620"]
[WhiteTeam "Miami Champions"]
[BlackTeam "Webster Windmills"]
[WhiteFideId "3901211"]
[BlackFideId "13402935"]
[EventDate "2019.01.08"]

1. c4 c5 2. g3 Nc6 3. Bg2 g6 4. Nc3 Bg7 5. Nf3 d6 6. d3 e6 7. Bd2 Nge7 8. Qc1 h6
9. O-O b6 10. a3 Bb7 11. Rb1 Rb8 12. b4 Nf5 13. Re1 O-O 14. e4 Nfe7 15. Bxh6 e5
16. Nd5 Nxd5 17. exd5 Ne7 18. Bxg7 Kxg7 19. Qc3 Nf5 20. bxc5 bxc5 21. Bh3 Nd4
22. Nxd4 exd4 23. Qd2 Rh8 24. Bg4 Qc7 25. h4 Rbe8 26. Qf4 Bc8 27. h5 Rxe1+ 28.
Rxe1 Bxg4 29. hxg6 Bh5 30. gxf7 Bxf7 31. Qg5+ Kf8 32. Qf6 Rh5 33. g4 Rh7 34. f4
Kg8 35. f5 Qa5 36. Rb1 Qc7 37. g5 Be8 38. g6 Re7 39. Qh4 Re5 40. Rb8 Qg7 41. Ra8
a5 42. Rb8 a4 43. Kg2 Re2+ 44. Kf1 Re5 45. Kg1 Re3 46. Kf2 Re5 47. Kg3 Re3+ 48.
Kg4 Re2 49. Ra8 Kf8 50. Ra7 Bd7 51. Qd8+ 1-0

[Event "PRO League Group Stage"]
[Site "chess.com INT"]
[Date "2019.03.12"]
[Round "10"]
[White "Nyzhnyk, Illya"]
[Black "Wang, Tianqi"]
[Result "1-0"]
[WhiteTitle "GM"]
[WhiteElo "2624"]
[BlackElo "2329"]
[WhiteTeam "Webster Windmills"]
[BlackTeam "Miami Champions"]
[WhiteFideId "14118084"]
[BlackFideId "2063824"]
[EventDate "2019.01.08"]

1. c4 Nf6 2. Nc3 c5 3. Nf3 b6 4. b3 Bb7 5. Bb2 e6 6. g3 d6 7. Bg2 Nbd7 8. d4
cxd4 9. Qxd4 a6 10. O-O Be7 11. Qd2 Qc7 12. Nd4 O-O 13. e4 Rac8 14. f4 Rfd8 15.
Kh1 Bf8 16. Rae1 Qb8 17. h3 Qa8 18. f5 e5 19. Nc2 b5 20. cxb5 axb5 21. Nb4 Nc5
22. Ncd5 Nxd5 23. exd5 Re8 24. f6 g6 25. h4 Qa5 26. Bc3 Qb6 27. h5 Na6 28. hxg6
hxg6 29. Be4 Nxb4 30. Bxb4 Qd4 31. Re2 Rc7 32. Ree1 Ra8 33. Qxd4 exd4 34. Bf3
Rxa2 35. Re8 Rc8 36. Rfe1 Raa8 37. Rxc8 Rxc8 38. Bd2 Rc3 39. Bxc3 dxc3 40. Re7
c2 41. Rc7 Bh6 42. Rxc2 b4 43. Rc6 1-0

[Event "PRO League Group Stage"]
[Site "chess.com INT"]
[Date "2019.03.12"]
[Round "10"]
[White "Caruana, Fabiano"]
[Black "Guseinov, Gadir"]
[Result "1-0"]
[WhiteTitle "GM"]
[BlackTitle "GM"]
[WhiteElo "2828"]
[BlackElo "2664"]
[WhiteTeam "Saint Louis Arch Bishops"]
[BlackTeam "Montclair Sopranos"]
[WhiteFideId "2020009"]
[BlackFideId "13401378"]
[EventDate "2019.01.08"]

1. e4 c5 2. Nf3 g6 3. c3 d5 4. e5 Nc6 5. d4 cxd4 6. cxd4 Bg4 7. Bb5 Rc8 8. O-O
a6 9. Be2 Nh6 10. h3 Bxf3 11. Bxf3 Nf5 12. Be3 e6 13. Nc3 Bg7 14. Bg4 Nxe3 15.
fxe3 O-O 16. Rf2 Qg5 17. Qd3 h5 18. Bf3 Rfd8 19. Raf1 Rc7 20. Be2 Bh6 21. Rf3
Bg7 22. Qd2 Bh6 23. Qe1 Bg7 24. Bd3 b5 25. Ne2 Rf8 26. Nf4 Ne7 27. h4 Qh6 28.
Nh3 Qh8 29. Qf2 Nf5 30. Bxf5 exf5 31. Qg3 Rc6 32. Nf4 Rd8 33. e6 Bh6 34. e7 Re8
35. Nxd5 Kh7 36. Kh1 Bg7 37. e4 Bxd4 38. exf5 Qg7 39. f6 Qh6 40. Nc7 Rxc7 41.
Qxc7 Qd2 42. Qd7 1-0

[Event "PRO League Group Stage"]
[Site "chess.com INT"]
[Date "2019.03.12"]
[Round "10"]
[White "Checa, Nicolas"]
[Black "So, Wesley"]
[Result "0-1"]
[WhiteTitle "IM"]
[BlackTitle "GM"]
[WhiteElo "2508"]
[BlackElo "2765"]
[WhiteTeam "Montclair Sopranos"]
[BlackTeam "Saint Louis Arch Bishops"]
[WhiteFideId "2069342"]
[BlackFideId "5202213"]
[EventDate "2019.01.08"]

1. d4 Nf6 2. c4 e6 3. Nf3 d5 4. Nc3 Bb4 5. cxd5 exd5 6. Bg5 h6 7. Bh4 Nbd7 8. e3
g5 9. Bg3 Ne4 10. Nd2 Nxg3 11. hxg3 Nb6 12. Qc2 c6 13. Bd3 Be6 14. a3 Bd6 15.
O-O-O Qf6 16. f4 O-O-O 17. Nf3 Qe7 18. Kb1 Kb8 19. Ne5 Bxe5 20. dxe5 Bg4 21. Be2
Bxe2 22. Qxe2 f6 23. exf6 Qxf6 24. e4 gxf4 25. Qf3 d4 26. Ne2 Nc4 27. Qxf4+ Qxf4
28. gxf4 d3 29. Nc3 Rhg8 30. b3 Ne3 31. Rd2 Rxg2 32. Rxg2 Nxg2 33. f5 d2 34. Nd1
Re8 35. f6 Kc7 36. Rh2 Ne1 37. Rxd2 Nf3 38. Rf2 Ng5 39. Nc3 Kd6 40. Kc2 Rf8 41.
Kd3 Ke6 42. Ne2 Rxf6 43. Nd4+ Ke5 44. Rh2 Rd6 0-1

[Event "PRO League Group Stage"]
[Site "chess.com INT"]
[Date "2019.03.12"]
[Round "10"]
[White "Ali Marandi, Cemil Can"]
[Black "Sturt, Raven"]
[Result "0-1"]
[WhiteTitle "GM"]
[BlackTitle "IM"]
[WhiteElo "2530"]
[BlackElo "2429"]
[WhiteTeam "Saint Louis Arch Bishops"]
[BlackTeam "Montclair Sopranos"]
[WhiteFideId "6300529"]
[BlackFideId "2007304"]
[EventDate "2019.01.08"]

1. e4 e5 2. Nf3 Nc6 3. Bb5 a6 4. Ba4 Nf6 5. O-O Be7 6. Re1 b5 7. Bb3 d6 8. c3
O-O 9. h3 Nb8 10. d4 Nbd7 11. Nbd2 Bb7 12. Bc2 Re8 13. a4 Bf8 14. Bd3 c6 15. Qc2
g6 16. b3 Nh5 17. Bf1 Nf4 18. Ba3 Qc7 19. Rad1 Rab8 20. c4 b4 21. Bb2 exd4 22.
g3 d3 23. Bxd3 Nxd3 24. Qxd3 c5 25. Nf1 Rbd8 26. N3d2 Ne5 27. Qe2 f5 28. Ne3
Bxe4 29. Nxe4 fxe4 30. Nd5 Qf7 31. Kf1 Bg7 32. Qxe4 Nf3 33. Ne7+ Rxe7 34. Qxe7
Qxe7 35. Rxe7 Bxb2 36. Rd3 Nd4 37. Ra7 Bc3 38. Rxa6 Nxb3 39. Raxd6 Rxd6 40. Rxd6
Na5 41. Ke2 Nxc4 42. Rc6 b3 43. Rxc5 b2 44. Rxc4 b1=Q 45. Rxc3 Qb2+ 46. Kd3 Qxf2
47. Kc4 Qf1+ 48. Kb4 Qxh3 49. a5 Qg4+ 50. Kb5 Qf5+ 51. Kb6 Qf6+ 52. Rc6 Qf2+ 53.
Kb7 Qb2+ 54. Rb6 Qg7+ 55. Ka8 Qd4 56. Rb8+ Kf7 57. a6 Ke6 58. Rb5 Qd8+ 59. Kb7
Qd7+ 60. Kb6 Qd6+ 61. Ka5 Qc7+ 62. Kb4 Kd6 63. Rb7 Qc5+ 64. Ka4 Qc6+ 65. Ka5 Kc5
66. Rb2 Qc7+ 67. Ka4 Qd7+ 68. Ka5 Qd8+ 69. Ka4 Qe8+ 70. Ka5 Qe1+ 71. Ka4 Qa1+ 0-1

[Event "PRO League Group Stage"]
[Site "chess.com INT"]
[Date "2019.03.12"]
[Round "10"]
[White "Bartell, Thomas"]
[Black "Bloomer, Josh"]
[Result "1-0"]
[WhiteTitle "IM"]
[WhiteElo "2353"]
[BlackElo "1950"]
[WhiteTeam "Montclair Sopranos"]
[BlackTeam "Saint Louis Arch Bishops"]
[WhiteFideId "2017849"]
[BlackFideId "2020416"]
[EventDate "2019.01.08"]

1. d4 Nf6 2. c4 g6 3. Nc3 d5 4. cxd5 Nxd5 5. e4 Nxc3 6. bxc3 Bg7 7. Bc4 c5 8.
Ne2 Nc6 9. Be3 O-O 10. O-O b6 11. Qd2 e6 12. Rfd1 Qc7 13. Bh6 Rd8 14. Bxg7 Kxg7
15. Rac1 Bb7 16. h4 Rac8 17. h5 Qe7 18. h6+ Kg8 19. Qe3 Na5 20. Bd3 Rd7 21. e5
Rdc7 22. Ng3 cxd4 23. cxd4 Nc4 24. Qf4 Nb2 25. Rxc7 Rxc7 26. Rd2 Nxd3 27. Rxd3
Bd5 28. Ne4 Bxe4 29. Qxe4 Rc8 30. Qf4 Kf8 31. g3 Kg8 32. d5 exd5 33. Rxd5 Rd8
34. Rd6 Re8 35. Qd4 Qf8 36. Qf4 Qe7 37. Rd5 Rd8 38. Rd6 Re8 39. Rc6 Kf8 40. e6
Kg8 41. Qd4 fxe6 42. Rxe6 Rd8 43. Qe5 Qf7 44. Re7 Rd1+ 45. Kg2 Qd5+ 46. Qxd5+
Rxd5 47. Rg7+ Kf8 48. Rxa7 Kg8 49. Rg7+ Kh8 50. Rb7 Kg8 51. Rxb6 Ra5 52. Rb8+
Kf7 53. Rh8 Rxa2 54. Rxh7+ Kf6 55. Rb7 Kg5 56. h7 Ra8 57. Kh3 Kf6 58. Kg4 Ra4+
59. f4 Ra8 60. Rb6+ Kg7 61. Rb7+ Kf6 62. Kh4 Kf5 63. Rb5+ Kf6 64. g4 Rh8 65. Rb7
Ra8 66. g5+ Kf5 67. Rf7+ Ke4 68. Rf6 Rh8 69. Kg4 Rxh7 70. Re6+ Kd5 71. Rxg6 Ra7
72. Rb6 Ra1 73. g6 Rg1+ 74. Kf5 1-0

[Event "PRO League Group Stage"]
[Site "chess.com INT"]
[Date "2019.03.12"]
[Round "10"]
[White "Saric, Ivan"]
[Black "Moranda, Wojciech"]
[Result "1-0"]
[WhiteTitle "GM"]
[BlackTitle "GM"]
[WhiteElo "2690"]
[BlackElo "2593"]
[WhiteTeam "Montreal Chessbrahs"]
[BlackTeam "New York Marshalls"]
[WhiteFideId "14508150"]
[BlackFideId "1122401"]
[EventDate "2019.01.08"]

1. e4 d5 2. exd5 Qxd5 3. Nc3 Qd6 4. d4 Nf6 5. Nf3 Bg4 6. h3 Bh5 7. g4 Bg6 8. Ne5
Nbd7 9. Nxg6 hxg6 10. Bg2 c6 11. d5 cxd5 12. Nxd5 O-O-O 13. Bf4 e5 14. Be3 Nc5
15. Nxf6 Qxd1+ 16. Rxd1 Rxd1+ 17. Kxd1 gxf6 18. Bd5 Rh7 19. Ke2 Ne6 20. Bxe6+
fxe6 21. Bxa7 b6 22. Bxb6 Rb7 23. Be3 Rxb2 24. h4 Rxa2 25. Kd3 f5 26. h5 e4+ 27.
Kc3 gxh5 28. gxh5 Bg7+ 29. Bd4 Ra3+ 30. Kb2 Ra7 31. Bxg7 Rxg7 32. h6 Rh7 33. Kc3
Kd7 34. Kd4 Kd6 35. Rh5 e5+ 36. Ke3 Kd5 37. c4+ Kxc4 38. Rxf5 Rxh6 39. Kxe4 Kc5
40. Kxe5 Kc6 41. Rf6+ 1-0

[Event "PRO League Group Stage"]
[Site "chess.com INT"]
[Date "2019.03.12"]
[Round "10"]
[White "Azarov, Sergei"]
[Black "Hansen, Eric"]
[Result "0-1"]
[WhiteTitle "GM"]
[BlackTitle "GM"]
[WhiteElo "2575"]
[BlackElo "2615"]
[WhiteTeam "New York Marshalls"]
[BlackTeam "Montreal Chessbrahs"]
[WhiteFideId "13501470"]
[BlackFideId "2606771"]
[EventDate "2019.01.08"]

1. e4 e5 2. Nf3 Nc6 3. Bb5 Nf6 4. O-O Nxe4 5. d4 Nd6 6. dxe5 Nxb5 7. a4 Nbd4 8.
Nxd4 Nxd4 9. Qxd4 d5 10. Qd3 a5 11. Qg3 c6 12. Nd2 Bf5 13. Nf3 Qd7 14. Nd4 Be4
15. Be3 O-O-O 16. f3 Bg6 17. Qf2 c5 18. Nb5 b6 19. Rfd1 Kb7 20. c3 Qc6 21. b4
axb4 22. cxb4 d4 23. Bf4 cxb4 24. Rac1 Bc5 25. Kh1 b3 26. Nd6+ Rxd6 27. exd6 Bc2
28. Re1 d3 29. Qd2 Bxd6 30. Bxd6 Qxd6 31. a5 Rc8 32. axb6 b2 33. Rxc2 Rxc2 34.
Qa5 Rc1 0-1

[Event "PRO League Group Stage"]
[Site "chess.com INT"]
[Date "2019.03.12"]
[Round "10"]
[White "Kleinman, Michael"]
[Black "Khamrakulov, Djurabek"]
[Result "0-1"]
[WhiteTitle "IM"]
[BlackTitle "GM"]
[WhiteElo "2411"]
[BlackElo "2503"]
[WhiteTeam "Montreal Chessbrahs"]
[BlackTeam "New York Marshalls"]
[WhiteFideId "2609479"]
[BlackFideId "14201143"]
[EventDate "2019.01.08"]

1. e4 c6 2. d4 d5 3. Nc3 dxe4 4. Nxe4 Bf5 5. Ng3 Bg6 6. Nh3 e6 7. Nf4 Qc7 8. c3
Nd7 9. h4 Bd6 10. Qf3 e5 11. Nxg6 hxg6 12. Bc4 Ngf6 13. h5 gxh5 14. Nxh5 O-O-O
15. Bg5 exd4 16. O-O-O dxc3 17. Nxg7 Rxh1 18. Rxh1 cxb2+ 19. Kb1 Be5 20. Bxf7
Qa5 21. Be6 Qc3 22. Qxc3 Bxc3 23. Rh3 Ne4 24. Rxc3 Nxc3+ 25. Kxb2 Nd1+ 26. Kc2
Nxf2 27. Bxd8 Kxd8 28. Bf5 Ke7 29. g4 Nh3 30. Ne6 Kf6 31. Nd8 Nc5 32. Bc8 b6 33.
Nxc6 a5 34. Nd4 Ng5 35. Kc3 Nge4+ 36. Kc2 Ke5 37. Nb3 Na4 38. Nd2 Nd6 39. Bd7
Nc5 0-1

[Event "PRO League Group Stage"]
[Site "chess.com INT"]
[Date "2019.03.12"]
[Round "10"]
[White "Griffith, Kyron"]
[Black "Rodrigue-Lemieux, Shawn"]
[Result "1-0"]
[WhiteTitle "FM"]
[BlackTitle "FM"]
[WhiteElo "2340"]
[BlackElo "2293"]
[WhiteTeam "New York Marshalls"]
[BlackTeam "Montreal Chessbrahs"]
[WhiteFideId "2046318"]
[BlackFideId "2620049"]
[EventDate "2019.01.08"]

1. Nf3 Nf6 2. g3 e6 3. Bg2 b6 4. O-O Bb7 5. d3 d5 6. a4 Be7 7. a5 b5 8. Ne5 a6
9. c4 Nbd7 10. Nxd7 Qxd7 11. Nc3 O-O 12. b3 c5 13. Qc2 d4 14. Bxb7 Qxb7 15. Nb1
h5 16. Bg5 b4 17. Nd2 Ng4 18. Bxe7 Qxe7 19. Nf3 e5 20. Qd2 f6 21. Nh4 Kh7 22.
Nf5 Qe6 23. e4 g6 24. f3 gxf5 25. fxg4 fxe4 26. gxh5 e3 27. Qg2 Qg4 28. Rxf6
Rxf6 29. Qxa8 Qf3 30. Qxf3 Rxf3 31. Rf1 Rxf1+ 32. Kxf1 Kh6 33. g4 Kg5 34. h4+
Kh6 35. Ke2 Kg7 36. g5 Kh7 37. h6 Kg6 38. h5+ Kh7 39. Kf3 Kg8 40. g6 Kf8 41. h7
Kg7 42. h6+ Kh8 43. Ke2 e4 44. g7+ Kxh7 45. dxe4 Kg8 46. e5 Kf7 47. e6+ 1-0

[Event "PRO League Group Stage"]
[Site "chess.com INT"]
[Date "2019.03.12"]
[Round "10"]
[White "Postny, Evgeny"]
[Black "Robson, Ray"]
[Result "0-1"]
[WhiteTitle "GM"]
[BlackTitle "GM"]
[WhiteElo "2623"]
[BlackElo "2667"]
[WhiteTeam "Pittsburgh Pawngrabbers"]
[BlackTeam "Webster Windmills"]
[WhiteFideId "2804344"]
[BlackFideId "2023970"]
[EventDate "2019.01.08"]

1. d4 d5 2. c4 c6 3. Nf3 Nf6 4. Nc3 e6 5. e3 Nbd7 6. Qc2 Bd6 7. b3 O-O 8. Be2 e5
9. cxd5 cxd5 10. Nb5 Bb4+ 11. Bd2 Bxd2+ 12. Nxd2 a6 13. dxe5 Nxe5 14. Nd4 Bg4
15. Bxg4 Nfxg4 16. h3 Rc8 17. Qb1 Rc1+ 18. Qxc1 Nd3+ 19. Ke2 Nxc1+ 20. Rhxc1 Nf6
21. Rc2 Qb8 22. N2f3 Rc8 23. Rac1 Rxc2+ 24. Rxc2 g6 25. g3 h6 26. Nd2 Kg7 27.
Kf1 Qd8 28. b4 Nd7 29. N2f3 Nb6 30. Nd2 Qd7 31. Kg2 Nc4 32. N4b3 Qa4 33. Nxc4
dxc4 34. Rxc4 Qxa2 35. Rc3 Qb2 36. Rd3 Qc2 37. Nc5 b6 0-1

[Event "PRO League Group Stage"]
[Site "chess.com INT"]
[Date "2019.03.12"]
[Round "10"]
[White "Durarbayli, Vasif"]
[Black "Erenburg, Sergey"]
[Result "1-0"]
[WhiteTitle "GM"]
[BlackTitle "GM"]
[WhiteElo "2620"]
[BlackElo "2589"]
[WhiteTeam "Webster Windmills"]
[BlackTeam "Pittsburgh Pawngrabbers"]
[WhiteFideId "13402935"]
[BlackFideId "2805642"]
[EventDate "2019.01.08"]

1. e4 c6 2. d4 d5 3. e5 Bf5 4. Nf3 e6 5. Be2 Ne7 6. O-O c5 7. c4 Nbc6 8. dxc5
dxc4 9. Na3 Qxd1 10. Rxd1 Nd5 11. Bxc4 Bxc5 12. Bxd5 exd5 13. Rxd5 Bxa3 14. bxa3
O-O 15. Rd6 Rad8 16. Bf4 Rxd6 17. exd6 Re8 18. h3 f6 19. Rd1 Kf7 20. g4 Bc2 21.
Rd2 Be4 22. Nd4 Nxd4 23. Rxd4 Bc6 24. f3 Ke6 25. Kf2 Kd7 26. h4 Bb5 27. Rd2 Rc8
28. Rb2 Ba6 29. Rb3 Rc2+ 30. Kg3 Rc8 31. a4 b6 32. a5 bxa5 33. Re3 Re8 34. Ra3
Bf1 35. Rxa5 a6 36. Kf2 Bb5 37. Ra3 g6 38. g5 fxg5 39. hxg5 Re2+ 40. Kg3 Re8 41.
Rc3 Rc8 42. Re3 Re8 43. Rb3 Rc8 44. a4 Bxa4 45. Rb7+ Ke6 46. Rxh7 Rd8 47. Rg7
Bc2 48. Re7+ Kd5 49. Re5+ Kc6 50. Re3 Bf5 51. Be5 a5 52. Kf4 a4 53. Ra3 Kb5 54.
Ra1 Kb4 55. Bf6 Rd7 56. Ke5 Kb3 57. Kd5 a3 58. Rc1 a2 59. Rc7 Ka3 60. Kc6 Rxc7+
61. dxc7 Kb4 62. Kb7 Kc5 63. c8=Q+ Bxc8+ 64. Kxc8 Kd6 65. f4 Ke6 66. Kd8 Kf5 67.
Be5 a1=Q 68. Bxa1 Kxf4 69. Bf6 1-0